000
00328nam a22001457a 4500
008
210520b ||||| |||| 00| 0 eng d
020
_a
0195135741
041
_a
eng
080
_a
610.73
082
_a
610.73
100
_a
1
101
_a
INF
245
_a
Textbook of Palliative Nursing
_c
Betty R. Ferreli
942
_2
udc
_c
BK
999
_c
57552
_d
57552